000
00250 a2200097 4500
001
33753
100
_a
Anderson, T. L.
245
_a
Fracture mechanics : Fundamentals and applications
260
_a
USA
_b
Taylor & Fracis
_c
2005
090
_c
22410
_d
22410
942
_a
NUST-CAE
_c
M
_c
13793
999
_c
268826
_d
268826